Ekonomické a politické vzťahy Japonska a Číny diplomová práca

Enregistré dans:
Détails bibliographiques
Auteur principal: Zigo, Roland
Collectivité auteur: Fakulta medzinárodných vzťahov EU. Katedra medzinárodných politických vzťahov
Autres auteurs: Kucharčík, Rudolf, 1977-
Format: Livre
Langue:slovaque
Publié: Bratislava 2022
Tags: Ajouter un tag
Pas de tags, Soyez le premier à ajouter un tag!

MARC

LEADER 00000nbm a2200000 4500
001 0285158
005 20230404123144.3
041 0 |a slo 
044 |a SK 
245 1 0 |a Ekonomické a politické vzťahy Japonska a Číny  |b diplomová práca  |c Roland Zigo ; školiteľ: Rudolf Kucharčík 
264 1 |a Bratislava  |c 2022 
300 |a 90 s. 
100 1 |a Zigo, Roland 
700 1 |a Kucharčík, Rudolf, 1977- 
710 2 |a Fakulta medzinárodných vzťahov EU. Katedra medzinárodných politických vzťahov